Countries that Start with "A" - Statistics

General Stats
  • This quiz has been taken 32 times
  • The average score is 10 of 11
Answer Stats
Hint Answer % Correct
A Andorra
100%
A Australia
97%
A Austria
97%
A Afghanistan
94%
A Argentina
94%
A Albania
90%
A Angola
90%
A Azerbaijan
90%
A Antigua and Barbuda
87%
A Armenia
84%
A Algeria
81%
No matching quizzes found
Score Distribution
Percent of People with Each Score
Percentile by Number Answered
Your Score History
You have not taken this quiz